000 00305nam a2200121Ia 4500
008 240731s9999 xx 000 0 und d
022 _a1540-7586
245 0 _aJournal of Psychosocial Oncology
260 _bRoutledge
856 _uhttps://www.tandfonline.com/loi/wjpo20
942 _2ddc
942 _cTFEJ
999 _c78098
_d78098
945 _a1
_bMadushi Gamage
_c1
_dMadushi Gamage